| 000 | 01028nam a22003137a 4500 | ||
|---|---|---|---|
| 001 | 0017699 | ||
| 003 | KOHA_MİRAKIL | ||
| 005 | 20260207002149.0 | ||
| 007 | ta | ||
| 008 | 100528b2005 tu |||gr||||#||||0|tur | | ||
| 020 | _a97540330485 | ||
| 040 |
_aTR-BiSEU _btur _cTR-BiSEU _erda |
||
| 041 | 0 | _atur | |
| 044 | _ctu | ||
| 050 |
_aRD593 _b.V47 2005 |
||
| 100 | 1 | _aVertosick, Frank T.. | |
| 245 | 1 |
_aBeynine bir kez hava değmeye görsün : _bbeyin cerrahisi öyküleri/ _cFrank T. Vertosick ; Frank Vertosick Jr.; çeviren Ender Arkun. |
|
| 250 | _a9. bs. | ||
| 264 | 1 |
_aAnkara : _bTübitak Popüler Bilim Kitapları _c2005 |
|
| 300 | _a272 sayfa | ||
| 336 |
_ametin _btxt _2rdacontent |
||
| 337 |
_aaracısız _bn _2rdamedia |
||
| 338 |
_acilt _bnc _2rdacarrier |
||
| 500 | _aÖzgün adı : When the air hits your brain tales of neurosurgery. | ||
| 650 | 0 |
_aVertosick, Frank T. _941122 |
|
| 650 | 0 |
_aBeyin Cerrahi--Seçmeler. _941123 |
|
| 650 | 0 |
_aSinir sistemi--Cerrahi--Seçmeler. _941124 |
|
| 942 |
_2lcc _cBK |
||
| 999 |
_c17656 _d17656 |
||